000 00581nmm a2200229 a 4500
003 AR-BaBNM
005 20251128204903.0
008 086019s1980 ||||||||||||||000 | spa||
040 _cAR-BaBNM
245 1 0 _aLongman dictionary of contemporary english
250 _a3ª ed.
260 _aBath
_bLongman
_c1980
300 _axxxix, 1303 p.
_bgráfs., il.
650 4 _aDICCIONARIOS
650 4 _aGRAMATICA
650 4 _aLEXICOGRAFIA
655 _aREFERENCIA
700 1 _aProcter, Paul
_eeditor
700 1 _aQuirk, Randolph
_eprologuista
942 _cBK
998 _cMARTIN
999 _c9197
_d9197